书目信息 |
| 题名: |
风雨江山三百年
|
|
| 作者: | 张焕昌 著 | |
| 分册: | ||
| 出版信息: | 北京 中国人民大学出版社 2007 |
|
| 页数: | 342页 | |
| 开本: | 23cm | |
| 丛书名: | 朗朗书房 | |
| 单 册: | ||
| 中图分类: | K244.09 | |
| 科图分类: | ||
| 主题词: | 宋代--历史--通俗读物 | |
| 电子资源: | ||
| ISBN: | 978-7-300-08519-7 | |
| 000 | 00918oam2 2200289 450 | |
| 001 | 012004177588 | |
| 005 | 20080226142253.59 | |
| 009 | 012004177588 | |
| 010 | @a978-7-300-08519-7@dCNY26.80 | |
| 035 | @a(110017)062007048556 | |
| 100 | @a20071010d2007 em y0chiy0110 ea | |
| 101 | 0 | @achi |
| 102 | @aCN@b110000 | |
| 105 | @ay z 000yy | |
| 106 | @ar | |
| 200 | 1 | @a风雨江山三百年@Afeng yu jiang shan san bai nian@e两宋白话史@f张焕昌著 |
| 210 | @a北京@c中国人民大学出版社@d2007 | |
| 215 | @a342页@d23cm | |
| 225 | 2 | @a朗朗书房@i历史新阅读@v3 |
| 330 | @a本书以通俗易懂的白话叙事手法,以北宋和南宋的十八位君主为纲,主述其中最具影响力的历史事件。 | |
| 462 | 0 | @12001 @a历史新阅读@v3 |
| 517 | 1 | @a两宋白话史@Aliang song bai hua shi |
| 606 | 0 | @a宋代@x历史@j通俗读物 |
| 690 | @aK244.09@v4 | |
| 701 | 0 | @a张焕昌@Azhang huan chang@f(1966-)@4著 |
| 801 | 0 | @aCN@b110017@c20080226 |
| 905 | @dK244.09@e44@f10 | |
| 风雨江山三百年:两宋白话史/张焕昌著.-北京:中国人民大学出版社,2007 |
| 342页;23cm.-(朗朗书房.历史新阅读;3) |
| ISBN 978-7-300-08519-7:CNY26.80 |
| 本书以通俗易懂的白话叙事手法,以北宋和南宋的十八位君主为纲,主述其中最具影响力的历史事件。 |
| ● |
| 相关链接 |
|
|
|
|
正题名:风雨江山三百年
索取号:K244.09/44
 
预约/预借
| 序号 | 登录号 | 条形码 | 馆藏地/架位号 | 状态 | 备注 |
| 1 | 0792803 | 207928037 | 第二样本阅览室/ [索取号:K244.09/44] | 在馆 | |
| 2 | 0792804 | 207928046 | 第二借阅区/ [索取号:K244.09/44] | 在馆 | |
| 3 | 0792805 | 207928055 | 第二借阅区/ [索取号:K244.09/44] | 在馆 | |
| 4 | 0792806 | 207928064 | 第二借阅区/ [索取号:K244.09/44] | 在馆 | |
| 5 | 0792807 | 207928073 | 第二借阅区/ [索取号:K244.09/44] | 在馆 | |
| 6 | 0792808 | 207928082 | 第二借阅区/ [索取号:K244.09/44] | 在馆 | |
| 7 | 0792809 | 207928091 | 第二借阅区/ [索取号:K244.09/44] | 在馆 | |
| 8 | 0792810 | 207928108 | 第二借阅区/ [索取号:K244.09/44] | 在馆 | |
| 9 | 0792811 | 207928117 | 第二借阅区/ [索取号:K244.09/44] | 在馆 | |
| 10 | 0792812 | 207928126 | 第二借阅区/ [索取号:K244.09/44] | 在馆 |